000 00701cab a2200253 4500
001 ABS60355
008 090401t1999 xxu||||| |||| 00| 0 eng d
035 _a(Sirsi) u92074
041 _aeng
100 _aArmstrong, C.
245 _aBe cautious about becoming a salaried partner
260 _c1999
350 _a0
490 _aCSM
_bChartered Surveyor Monthly
_v8(7) March 1999, 38-39(2)
650 _aLIABILITY
650 _aNATIONWIDE BUILDING SOCIETY V LEWIS
650 _aPARTNERSHIP
650 _aSALARIED PARTNER
650 _aSTEKEL V ELLICE
650 _aTHIRD PARTIES
690 _aMANAGEMENT-BUSINESS MANAGEMENT-PROFESSIONAL PRACTICE
942 _n0
948 _c15/03/1999
999 _c58379
_d58379